10 pays les plus ronds - Statistiques

Statistiques générales
  • Ce quiz a été pris 20 fois
  • Le résultat moyen est 5 sur 10
Statistiques - réponses
Par images Réponse % Correct
Roumanie
84%
Pologne
74%
Soudan
68%
Côte d'Ivoire
53%
Nauru
53%
Zimbabwe
42%
Sierra Leone
37%
Uruguay
32%
Suriname
26%
Eswatini
21%
Aucun quiz correspondant
Distribution des résultats
% des personnes avec chaque résultat
Percentile par nombre de réponses
Votre historique - résultats
Vous n’avez pas pris ce quiz